Mind- years review of the economy 1990-91 (Record no. 517819)

000 -LEADER
fixed length control field 00298nam a2200109 4500
082 ## - DEWEY DECIMAL CLASSIFICATION NUMBER
Classification number TNC T19x54 Ad47
100 ## - MAIN ENTRY--PERSONAL NAME
Personal name Adiseshiah, Malcolm S.
9 (RLIN) 26025
245 ## - TITLE STATEMENT
Title Mind- years review of the economy 1990-91
260 ## - PUBLICATION, DISTRIBUTION, ETC. (IMPRINT)
Place of publication, distribution, etc Delhi
Name of publisher, distributor, etc Konark
Date of publication, distribution, etc 1991
300 ## - PHYSICAL DESCRIPTION
Extent 190p
650 ## - SUBJECT ADDED ENTRY--TOPICAL TERM
Topical term or geographic name as entry element Economic development
9 (RLIN) 26026

No items available.

Powered by Koha